00664nam a22002297a 450000500170000001000130001702000220003003500130005203700160006504000120008108200160009310000230010924500770013225000150020926000360022427000680026030000350032850000190036365000170038265000130039970000220041220170124110137.0 aA-680550 c00.00a817154679X aA-680550 bCen Lib/Ret aDPLbEN a616.96bKEL aKelkar, Subhash S. aA textbook of parasitology /cby Subhash S.Kelkar [and] Rohini S.Kelkar a2nd rev ed bPopular Prakashanc1993aMumbai a35-C, Pandit Madan Mohan Malaviya Marg, TardeobMumbaie400 034 axi,179p. :c20cm(Hb)bcol.ill. aIncludes index aParasitology aCestodes aKelkar, Rohini S.